000 00790nam a2200253 i 4500
001 19013
003 ES-MaACL
005 20260518181500.0
007 t|
008 020426s2001 sp ||||1| spa d
020 _a84-595-0680-6
080 _a929 Dinesen, Isak
100 1 _aWivel, Ole.
_9117199
245 1 0 _aKaren Blixen
_b: una biografía /
_cOle Wivel ; traducción de Ana Sofía Pascual.
250 _a1ª ed.
260 _aBarcelona :
_bEdiciones del Bronce,
_c2001.
300 _a227 p., [8] p. de lám. ;
_c22 cm.
490 1 _aTextos del bronce ;
_v32
600 1 4 _aBlixen, Karen,
_d1885-1962
_944835
700 0 _aPascual Pape, Ana Sofía
_989392
830 0 _aTextos del bronce ;
_v32
_9183058
852 _aES-MaACL
_jL-25496
_bR.131331
999 _c19013
_d19013